000 00293nam a2200121Ia 4500
008 230303s9999 xx 000 0 und d
041 _aeng
082 _a621.86 RAJ
100 _aRajput ( R.K )
245 _aElectrical Engineering Materials
260 _aBANGLORE
_bLAXMI PUB.
365 _cRS
999 _c216432
_d216432